[Event "III Open del Salento A"]
[Site "Gallipoli ITA"]
[Date "2014.05.19"]
[Round "4"]
[White "Sansonetti, Giorgio"]
[Black "Bongartz, Philipp"]
[WhiteElo "2019"]
[BlackElo "2173"]
[Result "1-0"]
[PlyCount "121"]
[EventDate "2014.05.17"]

1. e4 c5 2. Nf3 Nf6 3. e5 Nd5 4. Nc3 e6 5. Nxd5 exd5 6. d4 Nc6 7. dxc5 Bxc5 8.
Qxd5 Qb6 9. Qd2 d6 10. exd6 O-O 11. Bd3 Re8+ 12. Kf1 Nb4 13. b3 Nxd3 14. Qxd3
Bg4 15. Bf4 Rad8 16. Re1 Rxe1+ 17. Nxe1 Bxf2 18. Qe4 Bh5 19. Nd3 Bg6 20. Qe7
Bxd3+ 21. cxd3 Bc5 22. Qc7 Bxd6 23. Qxb6 axb6 24. Bxd6 Rxd6 25. Ke2 Rc6 26. Kd2
Rf6 27. Rc1 g5 28. Ke3 Re6+ 29. Kf3 Rf6+ 30. Ke3 Re6+ 31. Kd2 Rf6 32. Rc2 Rf1
33. Kc3 f5 34. Kd4 Re1 35. Rc7 Re2 36. a4 Rb2 37. Ke5 Rxb3 38. d4 b5 39. a5 b4
40. Rxb7 Ra3 41. Kxf5 Rxa5+ 42. Kf6 h6 43. Rb8+ Kh7 44. Rxb4 Ra2 45. g4 Rxh2
46. d5 Rd2 47. Rb7+ Kg8 48. Ke6 Re2+ 49. Kf6 Rd2 50. Rg7+ Kf8 51. Rh7 Ke8 52.
Rxh6 Rd4 53. Rh8+ Kd7 54. Kxg5 Ke7 55. Rh7+ Ke8 56. Kf5 Kd8 57. g5 Rxd5+ 58.
Kf6 Ra5 59. g6 Ra6+ 60. Kf7 Ra7+ 61. Kf8 1-0

[Event "III Open del Salento A"]
[Site "Gallipoli ITA"]
[Date "2014.05.19"]
[Round "4"]
[White "Vovk, Andrey"]
[Black "Levin, Felix"]
[WhiteElo "2622"]
[BlackElo "2489"]
[Result "0-1"]
[PlyCount "64"]
[EventDate "2014.05.17"]

1. e4 e5 2. Nf3 Nc6 3. Bb5 Nf6 4. O-O Nxe4 5. d4 Nd6 6. Bxc6 dxc6 7. dxe5 Nf5
8. Qxd8+ Kxd8 9. h3 Ke8 10. Nc3 h5 11. Bg5 Be7 12. Rfd1 Be6 13. g3 f6 14. exf6
gxf6 15. Bf4 Nd6 16. Kg2 Kf7 17. b3 Rae8 18. Nd4 Bd7 19. f3 c5 20. Nde2 Bf8 21.
Ne4 Bc6 22. N2c3 Nxe4 23. Nxe4 f5 24. Ng5+ Kg6 25. Rd2 Bg7 26. Rad1 h4 27. Kh2
Rh5 28. gxh4 Rxh4 29. Rg2 Rxf4 30. Ne6+ Kf7 31. Nxg7 Rh8 32. Rd3 Rh7 0-1

[Event "III Open del Salento A"]
[Site "Gallipoli ITA"]
[Date "2014.05.19"]
[Round "4"]
[White "Walton, Alan J."]
[Black "Pizzuto, Samuele Tullio"]
[WhiteElo "2118"]
[BlackElo "2062"]
[Result "1/2-1/2"]
[PlyCount "50"]
[EventDate "2014.05.17"]

1. d4 d6 2. e4 Nf6 3. Nc3 Nbd7 4. Nf3 e5 5. Bc4 Be7 6. O-O O-O 7. h3 c6 8. a4
Nxe4 9. Bxf7+ Rxf7 10. Nxe4 exd4 11. Nfg5 Bxg5 12. Bxg5 Qf8 13. Qxd4 d5 14. Ng3
Nc5 15. Bd2 Ne6 16. Qe5 Nf4 17. Bxf4 Rxf4 18. Ra3 Bd7 19. Rb3 Re8 20. Qc7 Bc8
21. Qa5 a6 22. Nh5 Rf5 23. Ng3 Rf4 24. Nh5 Rf5 25. Ng3 Rf4 1/2-1/2

[Event "III Open del Salento A"]
[Site "Gallipoli ITA"]
[Date "2014.05.20"]
[Round "5"]
[White "Antoli Royo, Joaquin Miguel"]
[Black "Lyell, Mark"]
[WhiteElo "2429"]
[BlackElo "2228"]
[Result "1-0"]
[PlyCount "45"]
[EventDate "2014.05.17"]

1. e4 e5 2. Bc4 Nf6 3. Nc3 Bc5 4. d3 O-O 5. f4 exf4 6. Bxf4 c6 7. e5 d5 8. Bb3
Re8 9. d4 Bb4 10. Nge2 Bg4 11. O-O Bxc3 12. bxc3 Ne4 13. Qd3 Bxe2 14. Qxe2 Nxc3
15. Qh5 Nd7 16. Rae1 Nf8 17. Re3 g6 18. Qh6 Ne4 19. c3 Qd7 20. Rxe4 dxe4 21.
Bg5 e3 22. Bf6 Ne6 23. Rf4 1-0

[Event "III Open del Salento A"]
[Site "Gallipoli ITA"]
[Date "2014.05.20"]
[Round "5"]
[White "Ashton, Adam G."]
[Black "D'Amore, Carlo"]
[WhiteElo "2395"]
[BlackElo "2493"]
[Result "1-0"]
[PlyCount "47"]
[EventDate "2014.05.17"]

1. e4 e5 2. Nf3 Nc6 3. Bb5 Nge7 4. Nc3 d6 5. d4 a6 6. Be2 Nxd4 7. Nxd4 exd4 8.
Qxd4 Nc6 9. Qe3 Be7 10. Bd2 O-O 11. O-O-O Re8 12. Nd5 Bh4 13. g3 Bf6 14. f4 Bd4
15. Qd3 Bc5 16. Bc3 a5 17. a3 a4 18. g4 Ne7 19. Nf6+ gxf6 20. Bxf6 Bd7 21. f5
Qb8 22. Qh3 Qa7 23. Rd3 Nd5 24. Qxh7+ 1-0

[Event "III Open del Salento A"]
[Site "Gallipoli ITA"]
[Date "2014.05.20"]
[Round "5"]
[White "Blagojevic, Dragisa"]
[Black "Delfino, Luigi"]
[WhiteElo "2518"]
[BlackElo "2212"]
[Result "1-0"]
[PlyCount "85"]
[EventDate "2014.05.17"]

1. d4 Nf6 2. c4 c5 3. d5 b5 4. Nf3 g6 5. cxb5 a6 6. e3 Bg7 7. Nc3 O-O 8. a4 e6
9. dxe6 fxe6 10. Qd6 axb5 11. Bxb5 Na6 12. O-O Qc7 13. Rd1 Qxd6 14. Rxd6 Nc7
15. Be2 Bb7 16. Rd1 Nfd5 17. Bd2 Bc6 18. a5 Rfb8 19. e4 Nxc3 20. Bxc3 Bxc3 21.
bxc3 Rb2 22. Bf1 d5 23. Ne5 Be8 24. exd5 exd5 25. c4 dxc4 26. Nxc4 Rbb8 27. Nb6
Ra7 28. Nd7 Rba8 29. a6 Nxa6 30. Nb6 Rb8 31. Bxa6 Rxb6 32. Bc4+ Rf7 33. Rd8 Kf8
34. Rxe8+ Kxe8 35. Ra8+ Kd7 36. Ra7+ Kd6 37. Rxf7 Rb1+ 38. Bf1 c4 39. Rf3 Kc5
40. Rc3 Rb4 41. Rc1 Kd4 42. Rd1+ Kc3 43. g3 1-0

[Event "III Open del Salento A"]
[Site "Gallipoli ITA"]
[Date "2014.05.20"]
[Round "5"]
[White "Bongartz, Philipp"]
[Black "Nepi, Ezio"]
[WhiteElo "2173"]
[BlackElo "1966"]
[Result "1-0"]
[PlyCount "65"]
[EventDate "2014.05.17"]

1. e4 c5 2. Nf3 d6 3. d4 cxd4 4. Nxd4 Nf6 5. Nc3 Nc6 6. Bg5 Bd7 7. Qd2 Rc8 8.
O-O-O Nxd4 9. Qxd4 Qa5 10. Be3 a6 11. f4 e5 12. Qd3 Rxc3 13. Qxc3 Qxc3 14. bxc3
Nxe4 15. Kb2 exf4 16. Bxf4 Be7 17. Be3 O-O 18. Bd3 Bc6 19. Rhe1 d5 20. Bd4 b5
21. a4 Rb8 22. axb5 Bxb5 23. Ka2 Bc5 24. Bxe4 Bxd4 25. cxd4 dxe4 26. Rxe4 Bc4+
27. Ka3 Bd5 28. Re2 g6 29. Rdd2 Rb1 30. Re5 Bc4 31. d5 f6 32. Re4 Bb5 33. c4
1-0

[Event "III Open del Salento A"]
[Site "Gallipoli ITA"]
[Date "2014.05.20"]
[Round "5"]
[White "Callier, Christophe"]
[Black "Di Fonzo, Valerio"]
[WhiteElo "2077"]
[BlackElo "2156"]
[Result "1/2-1/2"]
[PlyCount "80"]
[EventDate "2014.05.17"]

1. e4 e5 2. Bc4 Nf6 3. Nc3 Nc6 4. d3 Bb4 5. Bg5 h6 6. Bxf6 Bxc3+ 7. bxc3 Qxf6
8. Ne2 O-O 9. O-O d6 10. f4 Bg4 11. Bd5 exf4 12. Qd2 Bxe2 13. Qxe2 Qxc3 14.
Bxc6 bxc6 15. Rab1 Rab8 16. Rb3 Rxb3 17. axb3 Qd4+ 18. Kh1 Qe5 19. Qf2 c5 20.
Qxf4 Qxf4 21. Rxf4 g6 22. g4 a5 23. Rf1 Ra8 24. Ra1 Kg7 25. Kg2 Kf6 26. Kf3 Ke5
27. Ra4 f6 28. h3 c6 29. Rc4 Rb8 30. Ra4 Rb5 31. Ke3 d5 32. Kf3 Kd6 33. Kf4 g5+
34. Kg3 Ke5 35. h4 Kd6 36. h5 Ke5 37. Kf3 Kd6 38. Kg3 Ke5 39. Kf3 Kd6 40. Kg3
Ke5 1/2-1/2

[Event "III Open del Salento A"]
[Site "Gallipoli ITA"]
[Date "2014.05.20"]
[Round "5"]
[White "Hegarty, Sarah N."]
[Black "Ledger, David J."]
[WhiteElo "2100"]
[BlackElo "2224"]
[Result "0-1"]
[PlyCount "106"]
[EventDate "2014.05.17"]

1. e4 e5 2. Nf3 Nc6 3. Bc4 Bc5 4. c3 Nf6 5. d3 O-O 6. Bg5 h6 7. Bh4 d6 8. Bb3
a6 9. Nbd2 Ba7 10. h3 Qe7 11. Nf1 Be6 12. Bc2 d5 13. Qe2 d4 14. Qd2 Bb6 15. Ng3
Kh7 16. Nh5 dxc3 17. bxc3 Ba5 18. O-O Rg8 19. d4 g5 20. Nxg5+ hxg5 21. Bxg5
Nxd4 22. f4 Rxg5 23. Nxf6+ Qxf6 24. fxg5 Qg6 25. Rf6 Bxc3 26. Qf2 Qxg5 27. Rf1
Bc4 28. Rxf7+ Bxf7 29. Qxf7+ Kh8 30. Bd1 Rg8 31. Rf2 Be1 32. Rb2 Bg3 33. Kh1
Rg7 34. Qf8+ Kh7 35. Rxb7 Bf4 36. Bg4 Qg6 37. Rb8 Kh6 38. Re8 Qb6 39. Qh8+ Rh7
40. Re6+ Qxe6 41. Qf8+ Rg7 42. Bxe6 Nxe6 43. Qf6+ Rg6 44. Qh8+ Kg5 45. g4 Rh6
46. Qg8+ Kh4 47. Kg2 Bg5 48. Qe8 c5 49. Qb8 Nf4+ 50. Kf3 Nd3 51. Qb3 Rf6+ 52.
Kg2 Ne1+ 53. Kg1 Rf3 0-1

[Event "III Open del Salento A"]
[Site "Gallipoli ITA"]
[Date "2014.05.20"]
[Round "5"]
[White "Hiller, Wieland"]
[Black "Bernabei, Alberto"]
[WhiteElo "1951"]
[BlackElo "1932"]
[Result "1-0"]
[PlyCount "99"]
[EventDate "2014.05.17"]

1. e4 c5 2. Nc3 e6 3. g3 d5 4. exd5 exd5 5. Bg2 Nf6 6. d3 h6 7. Bf4 Be7 8. Nf3
O-O 9. O-O a6 10. Re1 d4 11. Ne2 Nd5 12. Bd2 Be6 13. Nf4 Nxf4 14. Bxf4 Nc6 15.
Ne5 Nxe5 16. Bxe5 Qd7 17. Qf3 b5 18. Qc6 Ra7 19. Qb6 Kh7 20. Bc6 Bd8 21. Qxc5
Be7 22. Qb6 Bd8 23. Qxd4 Qxd4 24. Bxd4 Rc7 25. Be4+ g6 26. c3 Rd7 27. Bc6 Rc7
28. Bf3 Rd7 29. a3 Bc7 30. Bc6 Rdd8 31. Bc5 Rg8 32. d4 h5 33. Rad1 Bb3 34. Rd2
Bd6 35. Bb6 Rb8 36. Ba7 Rbc8 37. d5 Bc4 38. Bd4 h4 39. Re4 g5 40. Be5 f5 41.
Re3 Bc5 42. Bd4 Bd6 43. Kg2 f4 44. Re1 fxg3 45. hxg3 Rgf8 46. Be3 hxg3 47. fxg3
g4 48. Bd7 Rc7 49. Bxg4 Kg6 50. Rh1 1-0

[Event "III Open del Salento A"]
[Site "Gallipoli ITA"]
[Date "2014.05.20"]
[Round "5"]
[White "Ledger, Andrew J."]
[Black "Inguscio, Giorgio"]
[WhiteElo "2392"]
[BlackElo "1957"]
[Result "1-0"]
[PlyCount "31"]
[EventDate "2014.05.17"]

1. d4 b6 2. e4 Bb7 3. Bd3 Nf6 4. Nc3 e6 5. Nge2 c5 6. d5 exd5 7. exd5 d6 8. O-O
Be7 9. Ng3 g6 10. Bh6 Nbd7 11. Re1 a6 12. Nce4 Nxe4 13. Nxe4 Qc7 14. Bg7 O-O-O
15. Bxh8 Rxh8 16. Qe2 1-0

[Event "III Open del Salento A"]
[Site "Gallipoli ITA"]
[Date "2014.05.20"]
[Round "5"]
[White "Levin, Felix"]
[Black "Naumkin, Igor"]
[WhiteElo "2489"]
[BlackElo "2430"]
[Result "1/2-1/2"]
[PlyCount "24"]
[EventDate "2014.05.17"]

1. d4 Nf6 2. c4 e6 3. Nf3 b6 4. g3 Bb7 5. Bg2 Be7 6. O-O O-O 7. Nc3 Ne4 8. Nxe4
Bxe4 9. Ne1 Bxg2 10. Nxg2 d5 11. Qa4 dxc4 12. Qxc4 c5 1/2-1/2

[Event "III Open del Salento A"]
[Site "Gallipoli ITA"]
[Date "2014.05.20"]
[Round "5"]
[White "Nelson, Jonathan P."]
[Black "Ledger, Stephen C."]
[WhiteElo "2228"]
[BlackElo "2077"]
[Result "1-0"]
[PlyCount "57"]
[EventDate "2014.05.17"]

1. Nf3 d5 2. d4 Nf6 3. e3 e6 4. Bd3 c5 5. b3 cxd4 6. exd4 Nc6 7. O-O Be7 8. Re1
O-O 9. Bb2 b6 10. Nbd2 Bb7 11. a3 Re8 12. c4 Rc8 13. Rc1 g6 14. Nf1 Bf8 15. c5
Bh6 16. Rc2 Ne7 17. b4 Ne4 18. Ne5 Rc7 19. f3 Nf6 20. b5 Nh5 21. g3 Bg7 22. c6
Bc8 23. f4 Nf6 24. a4 Nf5 25. Qf3 Bf8 26. g4 Ng7 27. Rg2 h5 28. h3 hxg4 29.
hxg4 1-0

[Event "III Open del Salento A"]
[Site "Gallipoli ITA"]
[Date "2014.05.20"]
[Round "5"]
[White "Paolillo, Gaia"]
[Black "Livesey, R. Nigel"]
[WhiteElo "1914"]
[BlackElo "1898"]
[Result "1/2-1/2"]
[PlyCount "33"]
[EventDate "2014.05.17"]

1. e4 e6 2. d4 d5 3. Nd2 Nc6 4. c3 e5 5. dxe5 Nxe5 6. Ngf3 Qe7 7. Nxe5 Qxe5 8.
Qe2 dxe4 9. Qxe4 Qxe4+ 10. Nxe4 Bf5 11. Ng3 Bg6 12. Be3 Nf6 13. Bc4 Bd6 14. O-O
O-O 15. f3 Rfe8 16. Kf2 h6 17. Bb3 1/2-1/2

[Event "III Open del Salento A"]
[Site "Gallipoli ITA"]
[Date "2014.05.20"]
[Round "5"]
[White "Richardt, Mike"]
[Black "Zhang, Fan"]
[WhiteElo "1974"]
[BlackElo "2102"]
[Result "0-1"]
[PlyCount "80"]
[EventDate "2014.05.17"]

1. d4 e6 2. c4 Nf6 3. Nc3 Bb4 4. Qc2 Nc6 5. Nf3 d6 6. Bd2 O-O 7. a3 Bxc3 8.
Bxc3 Re8 9. e4 e5 10. d5 Ne7 11. g3 a5 12. b4 axb4 13. axb4 Rxa1+ 14. Bxa1 Bg4
15. Bg2 Qa8 16. Bb2 Qa6 17. O-O Qb6 18. Bc3 Ra8 19. Nd2 h5 20. Re1 h4 21. c5
Qb5 22. Bf1 Qd7 23. f3 Bh3 24. Ra1 Rxa1 25. Bxa1 Nh5 26. g4 Nf4 27. Bxh3 Nxh3+
28. Kf1 Qb5+ 29. Qc4 Qa4 30. Nb3 Qa2 31. Ke1 Qf2+ 32. Kd1 Qxf3+ 33. Kc2 Nf2 34.
cxd6 cxd6 35. b5 Qxe4+ 36. Qxe4 Nxe4 37. Kd3 Nf2+ 38. Kc4 Nxg4 39. Na5 b6 40.
Nb7 Nc8 0-1

[Event "III Open del Salento A"]
[Site "Gallipoli ITA"]
[Date "2014.05.20"]
[Round "5"]
[White "Rudolf, Anna"]
[Black "Longson, Alexander"]
[WhiteElo "2292"]
[BlackElo "2338"]
[Result "1/2-1/2"]
[PlyCount "34"]
[EventDate "2014.05.17"]

1. e4 c5 2. Nf3 d6 3. d4 cxd4 4. Nxd4 Nf6 5. Nc3 a6 6. Be2 e5 7. Nb3 Be7 8. O-O
O-O 9. a4 Nc6 10. Bf3 Nb4 11. a5 Be6 12. Be3 Rc8 13. Bb6 Qd7 14. Re1 Bd8 15.
Be3 Be7 16. Bb6 Bd8 17. Be3 Be7 1/2-1/2

[Event "III Open del Salento A"]
[Site "Gallipoli ITA"]
[Date "2014.05.20"]
[Round "5"]
[White "Sansonetti, Giorgio"]
[Black "Vovk, Andrey"]
[WhiteElo "2019"]
[BlackElo "2622"]
[Result "0-1"]
[PlyCount "52"]
[EventDate "2014.05.17"]

1. e4 c5 2. Nf3 d6 3. c3 Nf6 4. Be2 Nbd7 5. d3 b6 6. O-O Bb7 7. Re1 e6 8. Nbd2
Be7 9. Bf1 O-O 10. d4 cxd4 11. cxd4 Rc8 12. Bd3 e5 13. dxe5 Nxe5 14. Nxe5 dxe5
15. Qe2 Qd6 16. Nc4 Qe6 17. Bg5 Bc5 18. Bxf6 Qxf6 19. Ne3 Rfd8 20. Rad1 g6 21.
Kh1 Kg7 22. f3 h5 23. b3 Qg5 24. h3 Bxe3 25. Qxe3 Qxe3 26. Rxe3 Rc3 0-1

[Event "III Open del Salento A"]
[Site "Gallipoli ITA"]
[Date "2014.05.21"]
[Round "6"]
[White "Bernabei, Alberto"]
[Black "Richardt, Mike"]
[WhiteElo "1932"]
[BlackElo "1974"]
[Result "1/2-1/2"]
[PlyCount "87"]
[EventDate "2014.05.17"]

1. e4 e5 2. Nf3 d6 3. d4 exd4 4. Nxd4 Nf6 5. Nc3 Be7 6. Be2 O-O 7. O-O Re8 8.
Re1 Bf8 9. Bf1 c6 10. Bg5 Nbd7 11. Qd2 Ne5 12. Rad1 Ng6 13. Nf5 Bxf5 14. exf5
Ne5 15. Bxf6 Qxf6 16. Ne4 Qd8 17. f6 d5 18. Qg5 h6 19. Qg3 Ng6 20. h4 Qa5 21.
h5 Rxe4 22. Rxe4 dxe4 23. hxg6 Qf5 24. fxg7 Bxg7 25. Bc4 b5 26. Bxf7+ Kh8 27.
Qh4 Qf6 28. Qxe4 Rd8 29. Rd7 Bf8 30. Qd3 Rxd7 31. Qxd7 Qe5 32. Qe8 Qd6 33. Qe2
Kg7 34. Qf3 Be7 35. b3 Bf6 36. Qe2 Qd4 37. c4 Be5 38. Qe1 h5 39. Be8 h4 40. Bf7
Qf4 41. cxb5 Qh2+ 42. Kf1 Qh1+ 43. Ke2 Qxg2 44. Kd3 1/2-1/2

[Event "III Open del Salento A"]
[Site "Gallipoli ITA"]
[Date "2014.05.21"]
[Round "6"]
[White "Bongartz, Philipp"]
[Black "Pizzuto, Samuele Tullio"]
[WhiteElo "2173"]
[BlackElo "2062"]
[Result "1-0"]
[PlyCount "65"]
[EventDate "2014.05.17"]

1. e4 d6 2. d4 Nf6 3. Nc3 Nbd7 4. Nf3 e5 5. Be2 Be7 6. O-O O-O 7. a4 a5 8. Re1
c6 9. b3 exd4 10. Nxd4 Nc5 11. f3 Re8 12. Be3 Bf8 13. Bc4 Be6 14. Nxe6 fxe6 15.
Bxc5 dxc5 16. Qxd8 Raxd8 17. Red1 Kf7 18. Ne2 Rd7 19. Nf4 g5 20. Nd3 Kg7 21.
Ne5 Rd6 22. Be2 Be7 23. Nc4 Rxd1+ 24. Rxd1 Bd8 25. Nd6 Re7 26. Nxb7 Bb6 27. Nd8
c4+ 28. Kf1 cxb3 29. cxb3 c5 30. Bc4 e5 31. Ne6+ Kh8 32. Rd6 Nd7 33. Bb5 1-0

[Event "III Open del Salento A"]
[Site "Gallipoli ITA"]
[Date "2014.05.21"]
[Round "6"]
[White "D'Amore, Carlo"]
[Black "Nelson, Jonathan P."]
[WhiteElo "2493"]
[BlackElo "2228"]
[Result "1/2-1/2"]
[PlyCount "103"]
[EventDate "2014.05.17"]

1. Nf3 f5 2. d3 g6 3. e4 d6 4. exf5 Bxf5 5. d4 Nf6 6. Nc3 Bg7 7. Bd3 Qd7 8. O-O
O-O 9. Re1 Bg4 10. h3 Bxf3 11. Qxf3 Nc6 12. Be3 Nh5 13. Qg4 Qxg4 14. hxg4 Nf6
15. f3 e5 16. dxe5 Nxe5 17. Bf1 c6 18. Rad1 d5 19. Na4 b6 20. Bd4 Nfd7 21. b3
Rae8 22. Be2 Rf4 23. Bf2 b5 24. Nb2 Nxg4 25. fxg4 Bxb2 26. Bf3 Rxe1+ 27. Rxe1
Ne5 28. Bd1 Bd4 29. Bxd4 Rxd4 30. c3 Rd2 31. Rxe5 Rxd1+ 32. Kf2 Rd2+ 33. Ke3
Rxa2 34. Re6 Rxg2 35. Kf4 Rc2 36. Rxc6 d4 37. c4 bxc4 38. bxc4 d3 39. Rc8+ Kf7
40. Rc7+ Ke6 41. Ke3 d2 42. Ke2 a5 43. Kd1 Ra2 44. Rxh7 Kd6 45. c5+ Kxc5 46.
Rg7 Ra4 47. Rxg6 Rd4 48. Rg8 a4 49. g5 a3 50. Ra8 Rg4 51. Rxa3 Kb4 52. Ra8
1/2-1/2

[Event "III Open del Salento A"]
[Site "Gallipoli ITA"]
[Date "2014.05.21"]
[Round "6"]
[White "Di Fonzo, Valerio"]
[Black "Sansonetti, Giorgio"]
[WhiteElo "2156"]
[BlackElo "2019"]
[Result "1/2-1/2"]
[PlyCount "20"]
[EventDate "2014.05.17"]

1. e4 c5 2. Nf3 Nc6 3. d4 cxd4 4. Nxd4 e5 5. Nb5 a6 6. Nd6+ Bxd6 7. Qxd6 Qf6 8.
Qxf6 Nxf6 9. Nc3 Nb4 10. Bd3 Nxd3+ 1/2-1/2

[Event "III Open del Salento A"]
[Site "Gallipoli ITA"]
[Date "2014.05.21"]
[Round "6"]
[White "Inguscio, Giorgio"]
[Black "O'Driscoll, Kieran"]
[WhiteElo "1957"]
[BlackElo "2119"]
[Result "0-1"]
[PlyCount "44"]
[EventDate "2014.05.17"]

1. d4 d6 2. c4 e5 3. Nf3 e4 4. Ng1 f5 5. h4 Be7 6. h5 Nf6 7. Nc3 c6 8. Bf4 Na6
9. Qd2 Nc7 10. e3 Be6 11. Be2 h6 12. f3 O-O 13. O-O-O b5 14. cxb5 cxb5 15. Kb1
b4 16. Nb5 Ncd5 17. g4 a6 18. g5 hxg5 19. Bxg5 axb5 20. Bxb5 Rxa2 21. Bc4 Qa5
22. Bxa2 Qxa2+ 0-1

[Event "III Open del Salento A"]
[Site "Gallipoli ITA"]
[Date "2014.05.21"]
[Round "6"]
[White "Ledger, David J."]
[Black "Callier, Christophe"]
[WhiteElo "2224"]
[BlackElo "2077"]
[Result "1-0"]
[PlyCount "51"]
[EventDate "2014.05.17"]

1. e4 e5 2. Nf3 Nc6 3. Bc4 Nf6 4. d3 Bc5 5. O-O d6 6. c3 a6 7. Bb3 Ba7 8. Be3
O-O 9. Nbd2 Ne7 10. Bxa7 Rxa7 11. Nh4 Ng6 12. Nxg6 hxg6 13. f4 exf4 14. Rxf4
Nh5 15. Rf2 Qg5 16. Nf3 Qg4 17. Nd4 Qg5 18. Qc1 Qxc1+ 19. Rxc1 Bd7 20. h3 Nf6
21. g4 c5 22. Nf3 Bb5 23. Rd1 b6 24. e5 dxe5 25. Nxe5 Re7 26. Nxg6 1-0

[Event "III Open del Salento A"]
[Site "Gallipoli ITA"]
[Date "2014.05.21"]
[Round "6"]
[White "Ledger, Stephen C."]
[Black "Paolillo, Gaia"]
[WhiteElo "2077"]
[BlackElo "1914"]
[Result "1/2-1/2"]
[PlyCount "63"]
[EventDate "2014.05.17"]

1. d4 Nf6 2. Bg5 h6 3. Bxf6 exf6 4. e3 d5 5. c4 Bb4+ 6. Nc3 O-O 7. Qb3 Bxc3+ 8.
bxc3 dxc4 9. Bxc4 Nc6 10. Qc2 Be6 11. Bd3 Re8 12. Ne2 Qd6 13. O-O Ne7 14. c4 f5
15. Rab1 Rab8 16. d5 Bd7 17. Nd4 g6 18. Nb5 Bxb5 19. Rxb5 c6 20. dxc6 bxc6 21.
Rb3 c5 22. Rd1 Rxb3 23. Qxb3 Qb6 24. Qa4 Rb8 25. g3 Nc6 26. Rb1 Qc7 27. Rxb8+
Nxb8 28. Qe8+ Kg7 29. e4 fxe4 30. Bxe4 Nd7 31. Qe7 Qe5 32. Qxd7 1/2-1/2

[Event "III Open del Salento A"]
[Site "Gallipoli ITA"]
[Date "2014.05.21"]
[Round "6"]
[White "Livesey, R. Nigel"]
[Black "Hegarty, Sarah N."]
[WhiteElo "1898"]
[BlackElo "2100"]
[Result "0-1"]
[PlyCount "60"]
[EventDate "2014.05.17"]

1. b4 e6 2. Bb2 Nf6 3. a3 d5 4. e3 c5 5. bxc5 Bxc5 6. d4 Bb6 7. c4 Ne4 8. Nf3
O-O 9. Bd3 Ba5+ 10. Nbd2 f5 11. O-O Kh8 12. cxd5 exd5 13. Nb3 Bc7 14. Ne5 Nd7
15. f4 Ndf6 16. Bxe4 dxe4 17. Rc1 Bd7 18. Nc5 Bc8 19. Qb3 Qe7 20. Ncd7 Bxe5 21.
Nxf8 Bd6 22. Rxc8 Rxc8 23. Ne6 h6 24. d5 Kh7 25. a4 b6 26. Rc1 Rxc1+ 27. Bxc1
Bc5 28. Qc4 Ng4 29. Nxc5 Qh4 30. Qa2 Qe1# 0-1

[Event "III Open del Salento A"]
[Site "Gallipoli ITA"]
[Date "2014.05.21"]
[Round "6"]
[White "Longson, Alexander"]
[Black "Delfino, Luigi"]
[WhiteElo "2338"]
[BlackElo "2212"]
[Result "1-0"]
[PlyCount "37"]
[EventDate "2014.05.17"]

1. e4 c5 2. Nf3 g6 3. c3 d5 4. exd5 Qxd5 5. d4 Bg7 6. Na3 cxd4 7. Bc4 Qe4+ 8.
Be3 Nh6 9. Nb5 Na6 10. cxd4 O-O 11. Nc3 Qg4 12. h3 Qd7 13. g4 Nb4 14. a3 Qc6
15. Bb3 Nd3+ 16. Qxd3 Qxf3 17. Bd5 Qf6 18. g5 Qf5 19. Be4 1-0

[Event "III Open del Salento A"]
[Site "Gallipoli ITA"]
[Date "2014.05.21"]
[Round "6"]
[White "Lyell, Mark"]
[Black "Rudolf, Anna"]
[WhiteElo "2228"]
[BlackElo "2292"]
[Result "1-0"]
[PlyCount "95"]
[EventDate "2014.05.17"]

1. e4 e6 2. d4 d5 3. Nc3 Nf6 4. e5 Nfd7 5. f4 c5 6. Nf3 Nc6 7. Be3 Rb8 8. Be2
Qa5 9. O-O b5 10. a3 b4 11. axb4 Qxb4 12. Na4 c4 13. c3 Qb3 14. Qd2 Be7 15. Bd1
Qb5 16. Bc2 g6 17. Bf2 Na5 18. Bh4 Bxh4 19. Nxh4 Nb3 20. Bxb3 cxb3 21. Rf2 Ba6
22. Nf3 Qa5 23. Ra3 Bc4 24. Nc5 Qb6 25. Nxd7 Kxd7 26. Ng5 Rbf8 27. Qe1 h6 28.
Nf3 a5 29. Rd2 Ra8 30. Qh4 Qd8 31. Qf6 Qe7 32. Kf2 a4 33. Rd1 Bb5 34. Rda1 Rac8
35. Ke3 Ra8 36. Ne1 Qxf6 37. exf6 Ra6 38. Nf3 Rc8 39. Ne5+ Ke8 40. g4 Rc7 41.
h4 Kd8 42. h5 gxh5 43. g5 hxg5 44. fxg5 Kc8 45. g6 Kb7 46. g7 Ra8 47. Rxb3 Ka6
48. Rba3 1-0

[Event "III Open del Salento A"]
[Site "Gallipoli ITA"]
[Date "2014.05.21"]
[Round "6"]
[White "Naumkin, Igor"]
[Black "Antoli Royo, Joaquin Miguel"]
[WhiteElo "2430"]
[BlackElo "2429"]
[Result "0-1"]
[PlyCount "58"]
[EventDate "2014.05.17"]

1. d4 Nf6 2. c4 g6 3. Nc3 d5 4. Nf3 Bg7 5. Qa4+ Bd7 6. Qb3 dxc4 7. Qxc4 O-O 8.
e4 b5 9. Qb3 c5 10. e5 Ng4 11. h3 cxd4 12. hxg4 dxc3 13. Ng5 Bxe5 14. Rxh7 e6
15. Rh3 cxb2 16. Bxb2 Qxg5 17. Rc1 Qf6 18. g5 Qg7 19. Ba3 Nc6 20. Bxf8 Rxf8 21.
Qxb5 Rb8 22. Qd3 Nd4 23. Rh4 Rd8 24. Rd1 Ba4 25. Rd2 Qf8 26. Qc4 Qd6 27. Bd3
Bb5 28. Qc1 Bxd3 29. Rxd3 Nc2+ 0-1

[Event "III Open del Salento A"]
[Site "Gallipoli ITA"]
[Date "2014.05.21"]
[Round "6"]
[White "Nepi, Ezio"]
[Black "Fasiello, Andrea"]
[WhiteElo "1966"]
[BlackElo "1968"]
[Result "1/2-1/2"]
[PlyCount "67"]
[EventDate "2014.05.17"]

1. d4 d5 2. c4 e6 3. Nf3 Nf6 4. g3 Be7 5. Bg2 O-O 6. O-O dxc4 7. Ne5 c5 8. dxc5
Qc7 9. Nxc4 Qxc5 10. b3 Rd8 11. Nbd2 Qc7 12. Bb2 Nc6 13. Rc1 Bd7 14. Bc3 Be8
15. Qc2 Rac8 16. Qb2 Qb8 17. Nf3 h6 18. Nce5 Nxe5 19. Bxe5 Qa8 20. b4 Bc6 21.
Ne1 Bxg2 22. Nxg2 b5 23. Nf4 Rxc1 24. Rxc1 Rc8 25. Nd3 Rxc1+ 26. Qxc1 Qe4 27.
Qc8+ Kh7 28. Qc2 Nd5 29. a3 Bf6 30. Bxf6 Nxf6 31. f3 Qe3+ 32. Kf1 Kg8 33. Qc8+
Kh7 34. Qc2 1/2-1/2

[Event "III Open del Salento A"]
[Site "Gallipoli ITA"]
[Date "2014.05.21"]
[Round "6"]
[White "Vovk, Andrey"]
[Black "Ashton, Adam G."]
[WhiteElo "2622"]
[BlackElo "2395"]
[Result "1-0"]
[PlyCount "61"]
[EventDate "2014.05.17"]

1. e4 e5 2. Nf3 Nc6 3. Bc4 Nf6 4. Ng5 d5 5. exd5 Na5 6. Bb5+ c6 7. dxc6 bxc6 8.
Bd3 h6 9. Ne4 Nd5 10. Ng3 g6 11. O-O Bg7 12. Re1 O-O 13. Be2 f5 14. d3 h5 15.
h3 h4 16. Nf1 Be6 17. Nbd2 Bf6 18. Bf3 Rf7 19. Nb3 Nxb3 20. axb3 g5 21. Bd2 Rg7
22. c4 Ne7 23. Bc3 Qd6 24. Ra5 Ng6 25. Bh5 c5 26. Bxg6 Rxg6 27. Qe2 g4 28. hxg4
Rd8 29. Bxe5 Bxe5 30. Qxe5 Qxd3 31. Ra6 1-0

[Event "III Open del Salento A"]
[Site "Gallipoli ITA"]
[Date "2014.05.21"]
[Round "6"]
[White "Walton, Alan J."]
[Black "Ledger, Andrew J."]
[WhiteElo "2118"]
[BlackElo "2392"]
[Result "0-1"]
[PlyCount "54"]
[EventDate "2014.05.17"]

1. d4 d5 2. c4 c6 3. Nc3 Nf6 4. Nf3 a6 5. c5 Nbd7 6. Bf4 Nh5 7. Be5 Nxe5 8.
Nxe5 g6 9. e4 e6 10. Be2 Nf6 11. Qd3 Bg7 12. O-O O-O 13. Rad1 Nxe4 14. Nxe4
dxe4 15. Qxe4 Qd5 16. Qe3 Qd8 17. Bf3 Bd7 18. Qf4 Rc8 19. Rd3 Rc7 20. Rfd1 Bc8
21. Nc4 Rd7 22. Nd6 Qf6 23. Qd2 Rfd8 24. Re1 Bf8 25. Ne4 Qg7 26. Qf4 Be7 27.
Red1 e5 0-1